Normal view
MARC view
- علم الكلام- فلسفة ابن رشد
Entry Topical Term
001 - CONTROL NUMBER
- control field: 18447
003 - CONTROL NUMBER IDENTIFIER
- control field: JO-AjAnu
005 - DATE AND TIME OF LATEST TRANSACTION
- control field: 20230606073235.0
008 - FIXED-LENGTH DATA ELEMENTS
- fixed length control field: 230606|| aca||aabn | a|a d
040 ## - CATALOGING SOURCE
- Original cataloging agency: JO-AjAnu
- Transcribing agency: JO-AjAnu
150 ## - HEADING--TOPICAL TERM
- Topical term or geographic name entry element: علم الكلام- فلسفة ابن رشد
670 ## - SOURCE DATA FOUND
- Source citation: Work cat.: (JO-AjAnu)9469: الأندلسي، أبي الوليد محمد بن أحمد بن محمد ، تقديم وتعليق: أحمد شمس الدين, author 18446, الكشف عن مناهج الأدلة في عقائد الملة